Saturday Stumper #19 - Statistics

General Stats
  • This quiz has been taken 1,838 times
  • The average score is 16 of 24
Answer Stats
Hint Answer % Correct
olve Solve
98%
kward Awkward
95%
ngth Length
95%
alice Malice
93%
drant Hydrant
86%
ngth Strength
82%
ndant Pendant
78%
lege College
76%
alice Chalice
73%
olve Evolve
70%
hom Whom
70%
cond Second
69%
ovy Anchovy
66%
lege Allege
61%
uge Deluge
61%
cond Abscond
60%
rem Harem
59%
kward Backward
55%
ndant Fondant
52%
uge Refuge
51%
hom Fathom
43%
drant Quadrant
39%
ovy Groovy
35%
rem Theorem
26%
No matching quizzes found
Score Distribution
Percent of People with Each Score
Percentile by Number Answered
Your Score History
You have not taken this quiz